Hướng dẫn thực hành giao tiếp Trung - Việt
Gespeichert in:
| Format: | Buch |
|---|---|
| Veröffentlicht: |
1993
|
| Tags: |
Tag hinzufügen
Keine Tags, Fügen Sie den ersten Tag hinzu!
|
| Thư viện lưu trữ: | Mạng thư viện Đại học Đà Nẵng |
|---|
| LEADER | 00469nam a22001811a 4500 | ||
|---|---|---|---|
| 001 | 000036895 | ||
| 003 | 13190 | ||
| 005 | 20160412014941.0 | ||
| 008 | 160412s1993 000 | ||
| 082 | |a 4H(07)390-96 | ||
| 245 | |a Hướng dẫn thực hành giao tiếp Trung - Việt |c Trần Như Bông | ||
| 260 | |c 1993 | ||
| OWN | |a LNN | ||
| 999 | |a From the UDN01 | ||
| TYP | |a Monograph | ||
| 980 | |a Mạng thư viện Đại học Đà Nẵng | ||